| 000 | 00411cam a2200157ua 4500 | ||
|---|---|---|---|
| 003 | OSt | ||
| 008 | 250627b |||||||| |||| 00| 0 eng d | ||
| 020 | _a9788120327870 | ||
| 082 |
_a624.1834 _bVAR/AD |
||
| 100 |
_aVarghese, P.C . _9469 |
||
| 245 | _aAdvanced reinforced concrete design / | ||
| 250 | _a2 / | ||
| 260 |
_aNew Delhi : _bPrentice Hall of India Pvt Ltd. , _c2012 |
||
| 300 | _a534 | ||
| 942 | _cBK | ||
| 999 |
_c13203 _d13203 |
||